|
|
|
|
| LEADER |
01996njm a2200517 a 4500 |
| 001 |
000270189 |
| 003 |
CZ BrMZK |
| 005 |
20160304122105.0 |
| 008 |
980105s1964 xr f und d |
| 028 |
0 |
3 |
|a DV 6083
|b Supraphon
|
| 040 |
|
|
|a BOA001
|b cze
|
| 080 |
|
|
|a 784.087.612.1(086.7)
|2 MRF
|
| 080 |
|
|
|a 784.087.612.3(086.7)
|2 MRF
|
| 100 |
1 |
|
|a Suchoň, Eugen,
|d 1908-1993
|7 jo20010086369
|4 cmp
|
| 245 |
1 |
0 |
|a Ad astra
|h [zvukový záznam] /
|c Eugen Suchoň. V jeseni, op. 56 / Alexander Moyzes.
|
| 246 |
3 |
3 |
|a Návrat
|
| 246 |
3 |
3 |
|a Odpočinok
|
| 246 |
3 |
3 |
|a Pieseň milému
|
| 246 |
3 |
3 |
|a Pieseň vesmírnych milencov
|
| 246 |
3 |
3 |
|a Zhl'aďme vrásky
|
| 246 |
3 |
3 |
|a Živlom
|
| 246 |
3 |
3 |
|a Bodka vo večnosti
|
| 246 |
3 |
3 |
|a Dážď
|
| 246 |
3 |
3 |
|a Jeseň
|
| 246 |
3 |
3 |
|a Nočná ruža
|
| 260 |
|
|
|a Praha :
|b Supraphon,
|c 1964
|
| 300 |
|
|
|a 1 LP deska :
|b 33 ot/min ;
|c 30 cm
|
| 490 |
1 |
|
|a Gramofonový klub
|
| 500 |
|
|
|a Durata neuv
|
| 500 |
|
|
|a Cyklus písní na básně Š. Žáryho a J. Kostry
|
| 500 |
|
|
|a Nahr. neuv
|
| 511 |
0 |
|
|a Drahomíra Tikalová, zpěv; Taťána Masariková, zpěv. Slovenská filharmonie, dir. Ladislav Slovák.
|
| 653 |
0 |
|
|a koncertní písně
|a mezzosoprán
|a soprán
|a zpěv
|
| 700 |
1 |
|
|a Tikalová, Drahomíra,
|d 1915-1997
|7 jn99240001187
|4 prf
|
| 700 |
1 |
|
|a Žáry, Štefan,
|d 1918-2007
|7 jn20011018061
|4 aut
|
| 700 |
1 |
|
|a Moyzes, Alexander,
|d 1906-1984
|7 jo20010086373
|4 cmp
|
| 700 |
1 |
|
|a Kostra, Ján,
|d 1910-1975
|7 jn20000603499
|4 aut
|
| 700 |
1 |
|
|a Masariková, Taťána
|4 prf
|
| 700 |
1 |
|
|a Slovák, Ladislav,
|d 1919-1999
|7 mzk2004222705
|4 cnd
|
| 710 |
2 |
|
|a Slovenská filharmónia
|7 kn20010710306
|4 prf
|
| 830 |
|
0 |
|a Gramofonový klub
|
| 856 |
4 |
1 |
|u http://www.digitalniknihovna.cz/mzk/uuid/uuid:e8898cba-d195-4833-a824-472c6b998c3e
|y Digitalizovaný dokument
|
| 910 |
|
|
|a BOA001
|b LP-0005.337
|
| 964 |
|
|
|a Zpěv(soprán) a orchestr
|x LP
|
| 990 |
|
|
|a AV
|
| 996 |
6 |
|
|b 261H005543
|c LP-0005.337
|l MZK
|r Sklad / do 24 hodin
|n 0
|p kup
|w 000270189
|u 000010
|a 1
|e BOA001
|j MZK50
|s P
|